000 00589nam a2200229Ia 4500
003 OSt
005 20220918205423.0
006 a|||||r|||| 00| 0
007 ta
008 220917b |||||||| |||| 00| 0 eng d
024 _a116,515
037 _cTextual
040 _aARTS
_cARTS
_beng
041 _2eng
_aeng
082 _aV5931:19:M3, K2
100 _aSchroeder P W
_9115072
245 0 _aMetternich's diplomacy at its Zenith 1820-1823
260 _c1962
650 _aHISTORY
942 _hV5931:19:M3, K2
_cTEXL
_2CC
999 _c239842
_d239842